BUBT Library Online Catalog

Alternative Dispute Resolution In Commercial Disputes (Record no. 3618)

000 -LEADER
fixed length control field 00610nam a2200217Ia 4500
003 - CONTROL NUMBER IDENTIFIER
control field BUBTL
008 - FIXED-LENGTH DATA ELEMENTS--GENERAL INFORMATION
fixed length control field 151213s9999 xx 000 0 und d
020 ## - INTERNATIONAL STANDARD BOOK NUMBER
International Standard Book Number 984-32-2118-4
082 ## - DEWEY DECIMAL CLASSIFICATION NUMBER
Classification number 347.09/M2146a
100 ## - MAIN ENTRY--PERSONAL NAME
Personal name Mahbub, SK. Golam
9 (RLIN) 4032
245 ## - TITLE STATEMENT
Title Alternative Dispute Resolution In Commercial Disputes
Statement of responsibility, etc. SK. Golam Mahbub
250 ## - EDITION STATEMENT
Edition statement 1st
260 ## - PUBLICATION, DISTRIBUTION, ETC. (IMPRINT)
Place of publication, distribution, etc. Dhaka
Name of publisher, distributor, etc. SK. Golam Mahbub
Date of publication, distribution, etc. c2005
300 ## - PHYSICAL DESCRIPTION
Extent [xii] , 206p . :
Other physical details 21cm.
650 ## - SUBJECT ADDED ENTRY--TOPICAL TERM
Topical term or geographic name as entry element Law
9 (RLIN) 4033
650 ## - SUBJECT ADDED ENTRY--TOPICAL TERM
Topical term or geographic name as entry element Law
9 (RLIN) 4033
700 ## - ADDED ENTRY--PERSONAL NAME
Personal name SK. Golam Mahbub
9 (RLIN) 4034
856 ## - ELECTRONIC LOCATION AND ACCESS
Password 0
Logon 0
Link text Download
942 ## - ADDED ENTRY ELEMENTS (KOHA)
Source of classification or shelving scheme
Koha item type Books
Holdings
Withdrawn status Lost status Source of classification or shelving scheme Damaged status Not for loan Collection code Permanent location Current location Shelving location Date acquired Inventory number Total Checkouts Full call number Barcode Date last seen Copy number Price effective from Koha item type
        Not For Loan Non-fiction Bangladesh University of Business and Technology Library Bangladesh University of Business and Technology Library Law Stacks 03/14/2021 6527   347.09/M2146a BUBTL-20036527 03/14/2021 C-1 03/14/2021 Books
          Non-fiction Bangladesh University of Business and Technology Library Bangladesh University of Business and Technology Library Law Stacks 03/14/2021 6528   347.09/M2146a BUBTL-20036528 03/14/2021 C-2 03/14/2021 Books
          Non-fiction Bangladesh University of Business and Technology Library Bangladesh University of Business and Technology Library Law Stacks 03/14/2021 6529   347.09/M2146a BUBTL-20036529 03/14/2021 C-3 03/14/2021 Books
          Non-fiction Bangladesh University of Business and Technology Library Bangladesh University of Business and Technology Library Law Stacks 03/14/2021 6848   347.09/M2146a BUBTL-20036848 03/14/2021 C-4 03/14/2021 Books
          Non-fiction Bangladesh University of Business and Technology Library Bangladesh University of Business and Technology Library Law Stacks 03/14/2021 6849   347.09/M2146a BUBTL-20036849 03/14/2021 C-5 03/14/2021 Books
          Non-fiction Bangladesh University of Business and Technology Library Bangladesh University of Business and Technology Library Law Stacks 03/14/2021 6850   347.09/M2146a BUBTL-20036850 03/14/2021 C-6 03/14/2021 Books
          Non-fiction Bangladesh University of Business and Technology Library Bangladesh University of Business and Technology Library Law Stacks 03/14/2021 22083   347.09/M2146a BUBTL-200322083 03/14/2021 C-7 03/14/2021 Books
          Non-fiction Bangladesh University of Business and Technology Library Bangladesh University of Business and Technology Library Law Stacks 03/14/2021 22084   347.09/M2146a BUBTL-200322084 03/14/2021 C-8 03/14/2021 Books
          Non-fiction Bangladesh University of Business and Technology Library Bangladesh University of Business and Technology Library Law Stacks 03/14/2021 22085   347.09/M2146a BUBTL-200322085 03/14/2021 C-9 03/14/2021 Books
        Not For Loan Non-fiction Bangladesh University of Business and Technology Library Bangladesh University of Business and Technology Library Law Stacks 09/02/2021 6851   347.09/M2146a BUBTL-20036851 09/02/2021 C-10 09/02/2021 Books

More Information About Library

Library Hours

  • Open: 9.00 am. to 9.00 pm.
  • Only Sunday: 9.00 am. to 6.00 pm.
  • Closed: Holiday

Contact to the University

Bangladesh University of Business and Technology Library

  • Mirpurl-2, 1216.
  • Phone:
  • Fax:
  • E-Mail: admin.library@bubt.edu.bd

Contact to the Library

Contact Person:

Md. Abdul Hakim Shah
Joint Librarian
PABX No:  113
Cell No: 01816332931
E-mail: official: admin.library@bubt.edu.bd
Personal: hakim.shah@bubt.edu.bd


BUBT Library

Copyright © 2021